| 000 | 00860nam a2200241 i 4500 | ||
|---|---|---|---|
| 001 | 5722 | ||
| 003 | ES-MaACL | ||
| 005 | 20230906144655.0 | ||
| 007 | t| | ||
| 008 | 890516s1988 sp ae |||| | spa d | ||
| 020 | _a84-7812-021-1 | ||
| 080 | _a9(464.1)"--/19" | ||
| 245 | 0 | 0 |
_aHistoria de Chamberí / _cElia Canosa Zamora ... [et al.]. |
| 260 |
_aMadrid : _bAyuntamiento, Concejalía de Relaciones Institucionales y Comunicación, _c1988. |
||
| 300 |
_a308 p., [1] h. de plano pleg. : _bprincipalmente il. ; _c27 cm. |
||
| 651 |
_aChamberí (Madrid, Distrito)- _xHistoria. _9167605 |
||
| 651 | 4 |
_aBarrios- _zMadrid- _vHistoria. _9194742 |
|
| 700 | 1 |
_aCanosa Zamora, Elia. _934591 |
|
| 710 | 1 |
_aMadrid. _bConcejalía de Relaciones Institucionales y Comunicación. _95621 |
|
| 852 |
_aES-MaACL _jL-12695 |
||
| 852 |
_aES-MaACL _jL-12694 |
||
| 999 |
_c5722 _d5722 |
||